000
00343nam a2200145 a 4500
003
MO
005
20170315085544.0
008
100921s19uu xx 00 eng d
050
_a
TR
_b
H11 1997
100
_a
Haeger, Diane
245
4
_a
Pieces of April.
260
_a
New York :
_b
HarperCollins,
_c
1997.
942
_2
ddc
_c
BK
999
_c
110739
_d
110739